000 00304nam a2200109Ia 4500
008 230907s9999||||xx |||||||||||||| ||und||
082 _a658.26
_bHAN
100 _aHansen, Shirley
_9118041
245 _aManual for intelligent energy services /
_cShirley Hansen.
260 _c2019-09-27
942 _2ddc
_cEB
999 _c599654
_d599654